000 00333 a2200157 4500
001 180682
020 _a
040 _cMagnum
100 _aPorto, Cristina
240 1 0 _aO dicionario de serafina
_lpor
245 1 0 _aO dicionario de serafina
362 0 _a1899
440 1 _aÁtica
697 _aMAGNITO: IJ/GERAL
942 _cBK
999 _c180682
_d180682